000 01040 a2200229 4500
001 1889
005 20260407155419.0
008 260407a2007 arg spa d
003 AR-UNSa-BCEJYS
040 _aAR-UNSa-BCEJYS
_bspa
_cAR-UNSa-BCEJYS
080 _a657.31
_xPresupuestos. Previsiones. Planes financieros. Estado de flujo de efectivo
245 1 0 _aEl estado de flujo de efectivo
020 _a978-987-01-0711-8
250 _a3a. ed.
264 1 _aBuenos Aires :
_bErrepar
_c2007
300 _a222 p.
_c21 cm.
505 _a1. Información financiera - 2. Estructura del estado - 3. Metodología para la elaboración del estado - 4. Intereses dividendos e impuesto a las ganancias - 5. Caso práctico - 6. Procesos inflacionarios - 7. Combinaciones de negocios - 8. Análisis de estados contables
942 _cBK
590 _aniveau_biblio:m niveau_hierar:0
100 1 _aMantovan, Flavio A.
856 4 1 _uhttps://biblioeco.unsa.edu.ar/pmb/images/libros/El Estado de Flujo de Efectivo-l118079.jpg
_yImagen de portada
_qimage/jpeg
999 _c189
_d189